[Event "South African op"]
[Site "Cape Town"]
[Date "2022.07.17"]
[Round "11"]
[White "De Villiers, Ockert Almaro"]
[Black "Milford, Eugene"]
[Result "0-1"]
[WhiteElo "1583"]
[BlackElo "1708"]
[PlyCount "78"]
[EventDate "2022.07.09"]
[EventType "swiss"]
[EventRounds "11"]
[EventCountry "RSA"]
[SourceTitle "CBM 209 Extra"]
[Source "ChessBase"]
[SourceDate "2022.09.30"]
[SourceVersion "1"]
[SourceVersionDate "2022.09.30"]
[SourceQuality "1"]

1. d4 d5 2. c4 c6 3. Nc3 e6 4. e4 dxe4 5. Nxe4 Nf6 6. Bg5 Be7 7. Bxf6 Bxf6 8. Nxf6+ Qxf6 9. Nf3 0-0 10. Bd3 Nd7 11. 0-0 e5 12. d5 cxd5 13. cxd5 Nc5 14. Rc1 b6 15. Re1 Bg4 16. Re3 Rad8 17. Bb1 a5 18. a3 a4 19. Rc4 Bxf3 20. Rxf3 Qd6 21. Bxh7+ Kxh7 22. Rh3+ Kg8 23. Qh5 f5 24. Qh7+ Kf7 25. Qxf5+ Ke7 26. Qg5+ Qf6 27. Rg3 Rxd5 28. h4 Qxg5 29. Rxg5 Rf7 30. Rcg4 Ne6 31. Rg6 b5 32. Rb4 Nd4 33. g4 Rc5 34. Kg2 Rc2 35. Kg3 Rf3+ 36. Kh2 Rfxf2+ 37. Kh1 Rh2+ 38. Kg1 Nf3+ 39. Kf1 Rc1# 0-1

[Event "South African op"]
[Site "Cape Town"]
[Date "2022.07.16"]
[Round "9"]
[White "Galleid, Stephen"]
[Black "Milford, Eugene"]
[Result "1-0"]
[WhiteElo "1571"]
[BlackElo "1708"]
[PlyCount "45"]
[EventDate "2022.07.09"]
[EventType "swiss"]
[EventRounds "11"]
[EventCountry "RSA"]
[SourceTitle "CBM 209 Extra"]
[Source "ChessBase"]
[SourceDate "2022.09.30"]
[SourceVersion "1"]
[SourceVersionDate "2022.09.30"]
[SourceQuality "1"]

1. d4 d5 2. Bf4 c6 3. Nc3 g6 4. e4 dxe4 5. Nxe4 Bg7 6. c3 Nf6 7. Ng3 0-0 8. Qd2 Re8 9. Nf3 Nbd7 10. 0-0-0 Qa5 11. Bc4 b5 12. Bb3 Bb7 13. Ng5 e6 14. N5e4 Qb6 15. Nd6 Rf8 16. h4 h5 17. Bh6 c5 18. dxc5 Nxc5 19. Bxg7 Kxg7 20. Qg5 Rfd8 21. Ndf5+ exf5 22. Nxf5+ Kf8 23. Qh6+ 1-0

[Event "South African op"]
[Site "Cape Town"]
[Date "2022.07.12"]
[Round "6"]
[White "Milford, Eugene"]
[Black "Van Schaik, Michael"]
[Result "1-0"]
[WhiteElo "1708"]
[BlackElo "1552"]
[PlyCount "84"]
[EventDate "2022.07.09"]
[EventType "swiss"]
[EventRounds "11"]
[EventCountry "RSA"]
[SourceTitle "CBM 209 Extra"]
[Source "ChessBase"]
[SourceDate "2022.09.30"]
[SourceVersion "1"]
[SourceVersionDate "2022.09.30"]
[SourceQuality "1"]

1. d4 Nf6 2. c4 g6 3. Nc3 Bg7 4. e4 d6 5. Bd3 0-0 6. Nge2 e5 7. d5 Nbd7 8. 0-0 Ng4 9. f3 Ngf6 10. Be3 c6 11. Rc1 c5 12. Qd2 a6 13. g4 Ne8 14. Kg2 Ndf6 15. h3 Bd7 16. a4 Nc7 17. Ng3 Rb8 18. f4 Nfe8 19. f5 f6 20. h4 b5 21. axb5 axb5 22. b3 Na6 23. cxb5 Nb4 24. Bc4 Nc7 25. Ra1 Nxb5 26. Nxb5 Bxb5 27. g5 Bxc4 28. bxc4 Ra8 29. h5 Rf7 30. hxg6 hxg6 31. fxg6 Rfa7 32. Rxa7 Rxa7 33. Qd1 Ra2+ 34. Kg1 Ra3 35. Nf5 Ra7 36. Qh5 Nc2 37. Qh7+ Kf8 38. gxf6 Qxf6 39. Nxg7 Qxf1+ 40. Kxf1 Nxe3+ 41. Ke2 Rxg7 42. Qh8+ Rg8 1-0

[Event "South African op"]
[Site "Cape Town"]
[Date "2022.07.11"]
[Round "5"]
[White "Du Plessis, Anika"]
[Black "Milford, Eugene"]
[Result "1-0"]
[WhiteElo "1545"]
[BlackElo "1708"]
[PlyCount "50"]
[EventDate "2022.07.09"]
[EventType "swiss"]
[EventRounds "11"]
[EventCountry "RSA"]
[SourceTitle "CBM 209 Extra"]
[Source "ChessBase"]
[SourceDate "2022.09.30"]
[SourceVersion "1"]
[SourceVersionDate "2022.09.30"]
[SourceQuality "1"]

1. d4 d5 2. Bg5 Nf6 3. c4 e6 4. e3 Be7 5. Nc3 c6 6. cxd5 Nxd5 7. Bxe7 Qxe7 8. e4 Nxc3 9. bxc3 0-0 10. Nf3 c5 11. Be2 Nc6 12. 0-0 Rd8 13. Qa4 Bd7 14. Qb3 Be8 15. Rfd1 Rac8 16. Rab1 b6 17. a4 cxd4 18. cxd4 Na5 19. Qa2 Rc3 20. Bb5 Bxb5 21. axb5 Rdc8 22. d5 exd5 23. exd5 Rc2 24. Qa1 Nc4 25. Nd4 Qf6 1-0

[Event "Pretoria USSA op"]
[Site "Pretoria"]
[Date "2013.12.02"]
[Round "2"]
[White "Milford, Eugene"]
[Black "Hercules, Benjamin Vincent"]
[Result "0-1"]
[WhiteElo "1376"]
[BlackElo "2069"]
[PlyCount "96"]
[EventDate "2013.12.02"]
[EventType "swiss"]
[EventRounds "9"]
[EventCountry "RSA"]
[SourceTitle "CBM 158 Extra"]
[Source "ChessBase"]
[SourceDate "2014.02.28"]
[SourceVersion "1"]
[SourceVersionDate "2014.02.28"]
[SourceQuality "1"]

1. d4 Nf6 2. c4 e6 3. Nc3 Bb4 4. e3 Bxc3+ 5. bxc3 0-0 6. Bd3 c5 7. Nf3 d6 8. 0-0 Nc6 9. d5 Ne7 10. e4 e5 11. h3 Ng6 12. Be3 Bd7 13. a4 b6 14. Qd2 Nh5 15. Kh2 Nhf4 16. Ng1 Qg5 17. f3 Qh5 18. Bc2 Rab8 19. Qf2 Ne7 20. g4 Qg6 21. Qg3 Qg5 22. Bxf4 exf4 23. Qe1 Ng6 24. Qf2 h5 25. Ne2 Ne5 26. Rg1 hxg4 27. fxg4 f3 28. Ng3 Bxg4 29. Nf5 Qf4+ 30. Qg3 Qxg3+ 31. Rxg3 Bxf5 32. exf5 f6 33. Be4 Rfe8 34. Bxf3 Nxc4 35. Rag1 Rb7 36. h4 Re3 37. Bd1 Rxg3 38. Rxg3 Re7 39. Bg4 Ne3 40. Kg1 Nxg4 41. Rxg4 Re5 42. c4 Rxf5 43. Re4 Re5 44. Rxe5 fxe5 45. Kf2 Kh7 46. Kf3 Kg6 47. Kg4 Kf6 48. h5 a6 0-1